|
|
|
|
| LEADER |
00000nam a2200000Ia 4500 |
| 008 |
180911b2005 cr ||||| |||| 00| | spa d |
| 999 |
|
|
|c 2354
|d 2354
|
| 090 |
|
|
|a 19.02.07
|b 1614
|
| 100 |
|
|
|a Oficina Internacional del Trabajo. Programa Internacional para la Erradicación del Trabajo Infantil
|9 4218
|
| 245 |
1 |
0 |
|a Directorio de Instituciones y Organizaciones de la provincia de Limón que brindan servicios a personas menores de edad y sus familias /
|c Oficina Internacional del Trabajo. Programa Internacional para la Erradicación del Trabajo Infantil
|
| 260 |
|
|
|a San José, Costa Rica :
|b OIT,
|c 2005
|
| 300 |
|
|
|a 69 páginas
|
| 500 |
|
|
|a Programa: "Prevención, protección y atención directa a personas menores de edad víctimas de explotación sexual comercial en la Provincia de Limón"
|
| 650 |
1 |
4 |
|a DIRECTORIOS
|9 2789
|
| 650 |
1 |
4 |
|a INSTITUCIONES DE AYUDA
|9 4219
|
| 651 |
1 |
4 |
|a LIMÓN (COSTA RICA)
|9 4220
|
| 942 |
|
|
|i 003383
|h 19.02.07 1614
|2 z
|c 01
|